| 000 | nam a22 7a 4500 | ||
|---|---|---|---|
| 999 |
_c331161 _d331161 |
||
| 003 | NUST | ||
| 005 | 20170920135832.0 | ||
| 008 | 170920b xxu||||| |||| 00| 0 eng d | ||
| 020 | _a9054104198 | ||
| 040 | _c0 | ||
| 082 | _a627.120287 BOI | ||
| 100 |
_aBioten,W _94695 |
||
| 245 |
_aHydrometry: _bIHE Delft Lecture Note Series _cW.Boiten |
||
| 260 |
_aNetherlands _bA.A.Balkema _c2000 |
||
| 300 | _a246p. | ||
| 500 | _aH.B | ||
| 942 |
_2ddc _cBK _kIESE |
||